00000000nam##2200000za#4500
0019.581047
003CaOODSP
00520210624191331
007cr |||||||||||
008150406|2009||||xxc|||||o    f|0| 0 eng|d
022 |a1701-1280
040 |aCaOODSP|beng
043 |an-cn---
0861 |aFs70-4/2009-032E-PDF
1101 |aCanada. |bDepartment of Fisheries and Oceans.
24510|aProceedings of the Pacific Scientific Advice Review Committee (PSARC) meeting for the assessment of scientific information in support of a Recovery Potential Assessment for the Misty Lake stickleback pair and the Salish Sucker : |h[electronic resource]|bApril 8, 2008, Pacific Biological Station, Nanaimo, BC / |cAl Cass.
260 |aNanaimo - British Columbia : |bFisheries and Oceans Canada |cOctober 2009.
300 |a24p.|breferences
4901 |aCanadian Science Advisory Secretariat proceedings series|x1701-1280|v2009/032
590 |a14-20-Supp|b2014-11-25
830#0|aProceedings series (Canadian Science Advisory Secretariat)|x1701-1280|v2009/032|w(CaOODSP)9.506483
85640|ahttp://publications.gc.ca|qPDF|s98 KB|uhttps://publications.gc.ca/collections/collection_2014/mpo-dfo/Fs70-4-2009-032-eng.pdf|y2009/032